KOHA-Header-6

An Introduction To Database Systems (Record no. 6554)

000 -LEADER
fixed length control field 00254nam a2200109Ia 4500
020 ## - INTERNATIONAL STANDARD BOOK NUMBER
ISBN 978-0201543292
100 ## - MAIN ENTRY--AUTHOR NAME
Personal name Date, Kannan
245 #3 - TITLE STATEMENT
Title An Introduction To Database Systems
260 ## - PUBLICATION, DISTRIBUTION, ETC. (IMPRINT)
Place of publication India
Name of publisher Dorling Kindersley
Year of publication 2006
300 ## - PHYSICAL DESCRIPTION
Number of Pages 931
942 ## - ADDED ENTRY ELEMENTS (KOHA)
Koha item type Books
Holdings
Withdrawn status Lost status Collection code Permanent Location Current Location Shelving location Date acquired Full call number Accession Number Koha item type
    Database Systems MAJU MAJU Shelf No.B19 2019-09-07 005.133 6003 Computer Science

Powered by Koha